000 00545nam a2200157Ia 4500
005 20250508155936.0
008 008 250505s9999 xx 000 0 eng d
037 _aBooks to be hide in OPAC
040 _aFEDL
_beng
_cFEDL
041 _aeng
_2eng
084 _a379.547 9, BOM/O
_qFEDL
245 0 _aAppendix 2: Being tables required by the government of India to the report of the director of public instruction, Bombay, for the year 1873-74
300 _a71p.
942 _cHB
_h379.547 9, BOM/O
999 _c1360267
_d1360267